LEADER 01194nam0-22004091i-450- 001 990005516420203316 005 20050530120000.0 035 $a000551642 035 $aUSA01000551642 035 $a(ALEPH)000551642USA01 035 $a000551642 100 $a20041008d2005-------|0enac50------ba 101 $aeng 102 $aGB 105 $a|||| ||||| 200 1 $aApplied stochastic control of jump diffusion$fBernt Okesendal, Agnes Sulem 210 $aBerlin$cSpringer$dc2005 215 $aX, 208 p.$cill. , 24 cm 225 2$aUniversitext 410 1$12001$aUniversitext 606 $aProcessi stocastici$2FI 620 $dBerlin 676 $a519.2$cProbabilità$v21 700 1$aOKSENDAL,$bBernt$0340540 701 1$aSULEM,$bAgnes$0286541 712 $aSpringer 801 $aIT$bSOL$c20120104 912 $a990005516420203316 950 $aDIP.TO SCIENZE ECONOMICHE - (SA)$dDS 500 519.2 OKS$e12061 DISES 951 $a500 519.2 OKS$b12061 DISES 959 $aBK 969 $aDISES 979 $c20121027$lUSA01$h1532 979 $c20121027$lUSA01$h1613 996 $aApplied stochastic control of jump diffusion$91129874 997 $aUNISA NUM $aUSA12879 LEADER 01924nam0 2200385 i 450 001 SUN0024141 005 20170405105714.759 010 $a06-910855-9-5$d0.00 010 $a978-06-910855-9-3 100 $a20040920d1992 |0engc50 ba 101 $aeng 102 $aUS 105 $a|||| ||||| 200 1 $aElliptic curves$fby Anthony W. Knapp 210 $aPrinceton$cPrinceton university$d1992 215 $aXV, 427 p.$cill.$d24 cm. 410 1$1001SUN0024143$12001 $aMathematical notes$v40$1210 $aPrinceton$cPrinceton university. 606 $a11-XX$xNumber theory [MSC 2020]$2MF$3SUNC019688 606 $a14-XX$xAlgebraic geometry [MSC 2020]$2MF$3SUNC019702 606 $a14H52$xElliptic curves [MSC 2020]$2MF$3SUNC021174 606 $a11G05$xElliptic curves over global fields [MSC 2020]$2MF$3SUNC021455 606 $a11G40$x$L$-functions of varieties over global fields; Birch-Swinnerton-Dyer conjecture [MSC 2020]$2MF$3SUNC021458 606 $a14G10$xZeta-functions and related questions (Birch-Swinnerton-Dyer conjecture) [MSC 2020]$2MF$3SUNC021460 606 $a14G05$xRational points [MSC 2020]$2MF$3SUNC021836 606 $a11F66$xLanglands $L$-functions; one variable Dirichlet series and functional equations [MSC 2020]$2MF$3SUNC021869 606 $a11D41$xHigher degree equations; Fermat's equation [MSC 2020]$2MF$3SUNC028263 620 $aUS$dPrinceton$3SUNL000078 700 1$aKnapp$b, Anthony W.$3SUNV020212$050893 712 $aPrinceton university$3SUNV000300$4650 801 $aIT$bSOL$c20201012$gRICA 856 4 $uhttps://books.google.it/books?id=-e_qVoKF8H8C&printsec=frontcover&hl=it#v=onepage&q&f=false$zPreview 912 $aSUN0024141 950 $aUFFICIO DI BIBLIOTECA DEL DIPARTIMENTO DI MATEMATICA E FISICA$d08PREST 11-XX 2221 $e08 5491 I 20040920 996 $aElliptic curves$91120677 997 $aUNICAMPANIA